Fußballvereine aus den Landeshauptstädten - Statistiken

Allgemein
  • Dieses Quiz wurde 183 mal gespielt
  • Das Durchschnittsergebnis liegt bei 17 aus 26
Antwortstatistiken
Bundesland Verein % Korrekt
Bayern Bayern München
99%
Baden-Württemberg VfB Stuttgart
95%
Bayern TSV 1860 München
94%
- (Stadtstaat III) Hamburger SV
92%
- (Stadtstaat I) Hertha BSC
91%
- (Stadtstaat I) Union Berlin
91%
- Stadtstaat III) FC St. Pauli
90%
- (Stadtstaat II) Werder Bremen
88%
Baden-Württemberg Stuttgarter Kickers
86%
Nordrhein-Westfalen Fortuna Düsseldorf
83%
Sachsen Dynamo Dresden
81%
Niedersachsen Hannover 96
81%
Schleswig-Holstein Holstein Kiel
80%
Rheinland-Pfalz 1. FSV Mainz 05
77%
Hessen Wehen Wiesbaden
75%
Saarland 1. FC Saarbrücken
70%
Sachsen-Anhalt 1. FC Magdeburg
67%
Thüringen Rot-Weiß Erfurt
62%
- (Stadtstaat I) Viktoria Berlin
42%
- (Stadtstaat I) BFC Dynamo
40%
- (Stadtstaat II) Bremer SV
39%
Bayern Türkgücü München
39%
Brandenburg SV 03 Babelsberg
31%
- (Stadtstaat I) VSG Altglienicke
16%
- (Stadtstaat I) Hertha Zehlendorf
15%
- (Stadtstaat III) Teutonia Ottensen
15%
Keine übereinstimmenden Quizze gefunden
Verteilung der Resultate
Anzahl Personen mit jedem Resultat
Perzentil nach korrekt beantworteten Fragen
Ihre Resultats-Entwicklung
Sie haben dieses Quiz noch nicht gespielt